1290 1791 1662 1781 1687 1506 1316 1587 1518 1344 1384 1324 1742 1537 1419 1747 1458 1324 1919 1104 1258 1274 1765 1208 1613 1083 1955 1647 1781 1588 1026 1910 1872 1605 1339 1395 1320 1171 1531 1368 1931 1142 1860 1583 1973 1841 1505 1483 1985 1166 1798 1922 1232 1203 1472 1908 1021 1288 1839 1522 1041 1811 1113 1923 1382 1423 1651 1298 1437 1646 1071 1311 1604 1976 1471 1254 1861 1058 1360 1072 1070 1923 1840 1604 1722 1185 1804 1888 1097 1850 1360 1080 1170 1194 1120 1272 1762 1912 1416 BCNSPRNW ULIB Ver.6.0+V

เปลี่ยนเป็นภาษาไทย

Change to English
 แสดงรายละเอียดบรรณานุกรม
  กลับหน้าหลัก

Brief Record : Get Marc (ISO 2709) : E-mail record : QR code < ปิดหน้าต่าง
LEADER : 00000nam 2200000uu 4500
001    13399120996
003     ULIB
008    121030s2552||||th 000 0 tha d
020    9789749557907
099    นว.^bส988ส
100 0  โสภี พรรณราย
245 00 สร้อยสายเพชร^cโสภี พรรณราย
260    กรุงเทพฯ:^bรวมสาน์ส,^c2552
945    ^p0^l0^i028084
999    ^aใช้งานได้ทุกระบบ
รายการนี้ยังไม่มีแท็ก
คุณยังไม่ได้ล็อกอิน คุณสามารถมีกิจกรรมร่วมกับเว็บไซต์ได้ แต่ต้องล็อกอินก่อน ::
  ล็อกอิน

รายการสื่อสารสนเทศ

ลำดับที่ ประเภท เลขเรียก/บาร์โค้ด สถานที่ สถานะ
1. วิทยาศาสตร์การแพทย์ และสุขภาพ
วิทยาศาสตร์การแพทย์ และสุขภาพ
นว. ส988ส  
  Barcode: 028084
ห้องสมุดวิทยาเขตสวรรค์ประชารักษ์
►หนังสือทั่วไป
บนชั้น

รายการใกล้เคียง
    ผู้แต่ง [โสภี พรรณราย]

BibComment


ยังไม่เคยถูกคอมเมนท์

คอมเมนท์ทรัพยากรรายการนี้
  คอมเมนท์: สร้อยสายเพชร โสภี..


 Copyright 2026. Bcnsprnw @Library